| 000 | 00417nam a2200145Ia 4500 | ||
|---|---|---|---|
| 008 | 230917s9999||||xx |||||||||||||| ||und|| | ||
| 040 |
_e217692 _aMAIN |
||
| 041 | _aEnglish | ||
| 082 | _a658.4092 S23L | ||
| 100 | _aSharma, Robin | ||
| 245 | 0 | _aLeader who had no title: A modern fable on real success in business of in liffe | |
| 260 |
_aAhmedabad _bJaico Publishing House _c2011 |
||
| 300 | _a203 p. | ||
| 942 | _cBK | ||
| 999 |
_c179453 _d179453 |
||